00432 a2200133 450000500170000002000180001708200170003510000180005224500600007025000130013026000470014330000670019070000410025720250430090849.0 a0-13-146106-0 a658 .18 DAN aDANIEL, J. D. aInternational Business : Environments and Operations. a10th Ed. aNew Jersey,bPearson prentice Hall,c2004. axxxiii, 699p.:Ill.;figures & picturebGlossary & Indexc26cm. aRADEBAUGH, L. H. & SULLIVAN, D. P.